000 01839nam a2200349 a 4500
001 000041671
003 DO-SdBNP
005 20240523175921.0
008 131015s1999 sp 000 0 spa d
020 _a8481642940
040 _aDO-SdBNP
_bspa
_cBNPHU
082 _a181
_bF488o
245 0 0 _aFilosofías no occidentales /
_cedición de Miguel Cruz Hernández.
260 _aMadrid :
_bConsejo Superior de Investigaciones Científicas,
_c1999.
300 _a467 p. ;
_c24 cm.
490 1 _aEnciclopedia Iberoaméricana de Filosofía
_v19
500 _aIncluye índice
504 _aIncluye referencias bibliográficas y notas al pie de las páginas
504 _aIncluye bibliografía al final de los capítulos
505 0 _aEl saber que busca el hombre / Miguel Cruz Hernández -- La filosofía china -- Filosofía de la India I. Vedismo, brahmanismo, hinduismo / Fernando Tola -- El pensamiento iranio / Carmen Dragonetti -- El pensamiento islámico oriental en la Edad Media / Rafael Ramón Guerero -- El pensamiento islámico occidental / Joaquín Lomba -- Averroes / Joseph Puig Montada -- El pensamiento islámico moderno y contemporáneo / Miguel Cruz Hernández -- La filosofía judía / Carlos del Valle -- Maimónides / -- Miguel Cruz Hernández -- El nuevo pensamiento o el renacimiento judío en el siglo XX / Reyes Mate.
600 1 4 _aMAIMONIDES, MOSES,
_d1135-1204
_968465
650 0 _a Filosofía asiática
_941706
650 4 _aFilosofía china
_952987
650 4 _aFilosofía hindú
_948510
650 4 _aFilosofía árabe
_968466
650 4 _aFilosofía islámica
_968467
650 4 _aFilosofía judía
_968468
700 1 2 _aCruz Hernández, Miguel
_eed.
_97734
830 0 _aEnciclopedia Iberoaméricana de Filosofía
_v19
_915735
910 _aValidado. Control de calidad MFF
942 _2ddc
_cLBS1
999 _c41161
_d41161